Neem / (Record no. 32619)
[ view plain ]
| 000 -LEADER | |
|---|---|
| fixed length control field | 01214nam a22002777a 4500 |
| 003 - CONTROL NUMBER IDENTIFIER | |
| control field | OSt |
| 005 - DATE AND TIME OF LATEST TRANSACTION | |
| control field | 20230703060018.0 |
| 008 - FIXED-LENGTH DATA ELEMENTS--GENERAL INFORMATION | |
| fixed length control field | 230703b |||||||| |||| 00| 0 eng d |
| 020 ## - INTERNATIONAL STANDARD BOOK NUMBER | |
| International Standard Book Number | 9788122420463 |
| 040 ## - CATALOGING SOURCE | |
| Original cataloging agency | MMU |
| Language of cataloging | eng |
| Transcribing agency | MMU |
| Modifying agency | MMU |
| 043 ## - GEOGRAPHIC AREA CODE | |
| Geographic area code | a-ii--- |
| 050 00 - LIBRARY OF CONGRESS CALL NUMBER | |
| Classification number | SB317.N43 |
| Item number | N43N445 1996 |
| 100 ## - MAIN ENTRY--PERSONAL NAME | |
| Personal name | edited by Randhawa N.S. |
| Relator term | editor. |
| 245 00 - TITLE STATEMENT | |
| Title | Neem / |
| Statement of responsibility, etc. | editors, K.K. Singh ... [et al.]. |
| 246 14 - VARYING FORM OF TITLE | |
| Title proper/short title | Neem, a treatise |
| 260 ## - PUBLICATION, DISTRIBUTION, ETC. (IMPRINT) | |
| Place of publication, distribution, etc. | New Delhi : |
| Name of publisher, distributor, etc. | I.K. International Pub. House, |
| Date of publication, distribution, etc. | 1996. |
| 300 ## - PHYSICAL DESCRIPTION | |
| Extent | 331 p. : |
| Other physical details | ill. |
| 500 ## - GENERAL NOTE | |
| General note | Contributed articles. |
| 500 ## - GENERAL NOTE | |
| General note | Includes index. |
| 504 ## - BIBLIOGRAPHY, ETC. NOTE | |
| Bibliography, etc | Includes bibliographical references. |
| 505 0# - FORMATTED CONTENTS NOTE | |
| Formatted contents note | section 1. Neem, its botany and forestry -- section 2. Cultivation and improvement of neem -- section 3. Chemical constituents and their bioactivity -- section 4. Bioactivity against microflora and microfauna -- section 5. Bioactivity against insect-pests -- section 6. Enhancing fertilizer use efficiency -- section 7. Contribution to human and veterinary medicine -- section 8. Promoting neem and its cultivation. |
| 650 #0 - SUBJECT ADDED ENTRY--TOPICAL TERM | |
| Topical term or geographic name as entry element | Neem |
| Geographic subdivision | India. |
| 650 #0 - SUBJECT ADDED ENTRY--TOPICAL TERM | |
| Topical term or geographic name as entry element | Neem |
| General subdivision | Utilization |
| Geographic subdivision | India. |
| 700 ## - ADDED ENTRY--PERSONAL NAME | |
| Personal name | B.S. Parmar. |
| Relator code | editor |
| 942 ## - ADDED ENTRY ELEMENTS (KOHA) | |
| Source of classification or shelving scheme | Library of Congress Classification |
| Koha item type | L |
| Withdrawn status | Lost status | Source of classification or shelving scheme | Damaged status | Not for loan | Home library | Current library | Date acquired | Source of acquisition | Cost, normal purchase price | Total Checkouts | Full call number | Barcode | Date last seen | Price effective from | Koha item type |
|---|---|---|---|---|---|---|---|---|---|---|---|---|---|---|---|
| Library of Congress Classification | Maasai Mara University Library -Main Campus | Maasai Mara University Library -Main Campus | 07/03/2023 | Purchased | 3460.00 | SB317.N43N445 1996 | 23039182 | 07/03/2023 | 07/03/2023 | L | |||||
| Library of Congress Classification | Maasai Mara University Library -Main Campus | Maasai Mara University Library -Main Campus | 07/03/2023 | Purchased | 3460.00 | SB317.N43N445 1996 | 23039181 | 07/03/2023 | 07/03/2023 | L |